000 01039cam a22003011 4500
001 11726
003 BD-RjUL
005 20211208235155.0
008 140127r19661961nyua b 001 0 eng d
035 _a(BD-RjUL)11775
040 _aDLC
_cDLC
_dDLC
_dICU
_d(BD-RjUL)
_beng
041 _aeng
051 _aQH652
_b.B3213 1961a
_cAnother issue. Oxford, New York, Pergamon Press.
082 0 0 _a574.19
_bBAF
100 1 _aBacq, Z. M.
_q(Zénon M.)
_936284
245 1 0 _aFundamentals of radiobiology /
_cby Z. M. Bacq and Peter Alexander.
250 _aCompletely rev. 2d ed.
260 _aNew York :
_bPergamon Press,
_c1961. [Reprent 1966]
300 _a555 p. :
_billus. ;
_c24 cm.
504 _aIncludes bibliography and Index
650 0 _aRadiobiology.
_936286
700 1 _aAlexander, Peter,
_d1922-
_ejoint author.
_936287
942 _2ddc
_cBK
999 _c11726
_d11726